000 00723nam a22002417a 4500
999 _c1263
_d1263
003 AR-CdUCM
008 190226b ||||| |||| 00| 0 spa d
020 _a9580412588
040 _aMUNICIPALIDAD PROVINCIAL DEL CUSCO
_cBIBLIOTECA MUNICIPAL DEL CUSCO
041 _hfre
082 _a848 /
_bB33
100 _aBeaude, Pierre-Marie
_94907
245 _aFlora, la desconocida del espacio /
260 _aBogotá :
_bNorma,
_c1990.
300 _a146 páginas ;
_c19 cm.
440 _aColección Torre de papel.
_94908
650 _aCiencia y ficción
_94909
650 _aAventura
_91719
650 _aLiteratura juvenil
_91580
700 _aHolguín, Margarita (traductor)
_94910
942 _2ddc
_cLIBROS
945 _azta